000 00786nam a22002297a 4500
003 BUBTL
008 240508b ||||| |||| 00| 0 eng d
020 _a9788120328440
041 _aeng
082 _a658/ G3462m/ 2022
100 _95824
_aGhosh, N.
245 _aManagement Control Systems/
_c N. Ghosh
250 _a1st ed.
260 _aDelhi:
_bPHI Learning Private Limited,
_cc2022
300 _axvi, 233 p.:
_c24 cm.
500 _aIncludes Index
505 _aManagement Control Systems, Basic Control of Management Control System, Strategic Planning, Management Control and Operational Control, Management Control System - Structure and process
650 0 _939
_aManagement
856 _k0
_l0
_yDownload
942 _2ddc
_cBK
999 _c7313
_d7313